Maquiavelo: genio y destino

Spremljeno u:
Bibliografski detalji
Glavni autor: Brion, Marcel (Autor)
Format: Knjiga
Jezik:španjolski
Izdano: Buenos Aires Argos 1951
Izdanje:1a. ed
Serija:Biblioteca Argos. Historia y Viajes
Teme:
Oznake: Dodaj oznaku
Bez oznaka, Budi prvi tko označuje ovaj zapis!

MARC

LEADER 00000cam a2200000 a 4500
001 UCE3096
003 CL-VaPUC
008 140814e19510000ag |||||||||||||||||spa|d
082 0 4 |a 320.092  |b BRI  |2 21 
100 0 |a Brion, Marcel  |e author  |9 575604 
245 1 0 |a Maquiavelo: genio y destino 
250 |a 1a. ed 
300 |a 437 p 
942 |c BK 
945 |d 20140814 14:58:00  |a arojas 
260 |a Buenos Aires  |b Argos  |c 1951 
650 0 |a Biografías  |9 255210 
650 7 |a FILOSOFIA POLITICA  |2 CL-VaPUC  |9 575605 
650 0 |a Historia política  |9 256974 
583 |a last modification  |c 20140814 14:58:00  |k Rodrigo Vera 
490 0 |a Biblioteca Argos. Historia y Viajes 
999 |c 356545  |d 356543 
952 |0 0  |1 0  |3 erb  |4 0  |6 320_092000000000000_BRI_1951  |7 0  |8 X  |9 463992  |a FDOBUD  |b FDOBUD  |i 4998715  |o 320.092 BRI 1951  |p 4998715  |r 2019-11-23  |w 2019-11-23  |y BK_X  |z Catalogado en:20140814  |k BUD